| 000 | 01218nam0a2200313 4500 | ||
|---|---|---|---|
| 001 | RU\NLR\bibl\109120 | ||
| 005 | 20250617091149.0 | ||
| 010 |
_a5-89308-011-4 _94000 |
||
| 021 |
_aRU _b2000-20921 _9982 |
||
| 035 | _a(NLR Aleph) 000106803 | ||
| 090 |
_a604860 _c604860 |
||
| 100 | _a20000920d2000 |||y0rusy50 ca | ||
| 101 | 0 | _arus | |
| 102 | _aRU | ||
| 105 | _ay ||||||||| | ||
| 200 | 1 |
_aПрирода и мы _eМетод. рекомендации и тетр. с печат. основой для ознакомления детей с окружающим миром и развития речи _fС.Г. Шевченко |
|
| 210 |
_aСмоленск _cАссоц. XXI век _d2000 |
||
| 215 |
_a31 с. _d22 |
||
| 225 | 1 | _aКоррекционно-развивающее обучение | |
| 320 | _aБиблиогр. в подстроч. прим. | ||
| 606 | 0 |
_aПрирода _xИзучение в школе _92107937 _3RU\NLR\auth\661274187 |
|
| 686 | _aЧ426.44-2,01 | ||
| 700 | 1 |
_aШевченко _bС. Г. _gСветлана Гавриловна _4070 |
|
| 801 | 0 |
_aRU _bNLR _c20000920 _gPSBO |
|
| 801 | 1 |
_aRU _bNLR _c20000920 |
|
| 852 |
_aNLR _j2000-6/651 |
||
| 942 | _cBOOK | ||
| 980 | _aNB | ||